Online
Catalog

Filosofía de la educación / (Record no. 50685)

MARC details
000 -CABECERA
campo de control de longitud fija 00853nam a22002657a 4500
003 - IDENTIFICADOR DEL NÚMERO DE CONTROL
campo de control DO-SdBNP
005 - FECHA Y HORA DE LA ÚLTIMA TRANSACCIÓN
campo de control 20211001152056.0
007 - CAMPO FIJO DE DESCRIPCIÓN FÍSICA--INFORMACIÓN GENERAL
campo de control de longitud fija ta
008 - DATOS DE LONGITUD FIJA--INFORMACIÓN GENERAL
campo de control de longitud fija 211001b 2004 dr a 00| 0 eng d
020 ## - NÚMERO INTERNACIONAL ESTÁNDAR DEL LIBRO
Número Internacional Estándar del Libro 9993473049
040 ## - FUENTE DE LA CATALOGACIÓN
Centro catalogador/agencia de origen DO-SdBNP
Lengua de catalogación spa
Centro/agencia transcriptor BNPHU
082 #4 - NÚMERO DE LA CLASIFICACIÓN DECIMAL DEWEY
Número de clasificación BNPHU
Número de documento/Ítem M826f
100 ## - ENTRADA PRINCIPAL--NOMBRE DE PERSONA
9 (RLIN) 1678
Nombre de persona Moquete de la Rosa, Jacobo
245 10 - MENCIÓN DE TÍTULO
Título Filosofía de la educación /
Mención de responsabilidad, etc. Jacobo Moquete de la Rosa
250 ## - MENCIÓN DE EDICIÓN
Mención de edición 2a. ed. actualizada
260 ## - PUBLICACIÓN, DISTRIBUCIÓN, ETC.
Lugar de publicación, distribución, etc. Santo Domingo :
Nombre del editor, distribuidor, etc. De Colores,
Fecha de publicación, distribución, etc. 2004.
300 ## - DESCRIPCIÓN FÍSICA
Extensión 53 p. :
Dimensiones 26 cm.
490 1# - MENCIÓN DE SERIE
Mención de serie Educación y sociedad
Designación de volumen o secuencia 41
Número Internacional Normalizado para Publicaciones Seriadas 988
500 ## - NOTA GENERAL
Nota general Incliuye datos biográficos del autor en la contracubierta e incluye índices de nombres y materias
504 ## - NOTA DE BIBLIOGRAFÍA, ETC.
Nota de bibliografía, etc. Bibliografía : p. 341-346
590 ## - NOTA LOCAL (RLIN)
Nota local Inventariado, 2021/BT
830 #0 - PUNTO DE ACCESO ADICIONAL DE SERIE-TÍTULO UNIFORME
Título uniforme Educación y sociedad
Número de parte o sección de la obra 41
9 (RLIN) 17470
Nombre de parte o sección de la obra 988
910 ## - DATOS DE OPCIÓN DEL USUARIO (OCLC)
Datos de opción del usuario Btavárez
942 ## - ELEMENTOS DE PUNTO DE ACCESO ADICIONAL (KOHA)
Fuente del sistema de clasificación o colocación Dewey Decimal Classification
Tipo de ítem Koha Libro
Holdings
Estado de retiro Estado de pérdida Fuente del sistema de clasificación o colocación No para préstamo Código de colección Localización permanente Ubicación/localización actual Ubicación en estantería Fecha de adquisición Fuente de adquisición Total de préstamos Signatura topográfica completa Código de barras Fecha visto por última vez Precio válido a partir de Tipo de ítem Koha
    Dewey Decimal Classification Excluido de préstamo Monografías: Libros y Folletos Biblioteca Nacional Pedro Henríquez Ureña Patrimonio Dominicano Depósito 01.10.2021 Depósito Legal   BNPHU M826f 2021-27134 01.10.2021 01.10.2021 Libro

Powered by Koha